Požiadavky podnikovej praxe na absolventov technických univerzít

Univerzity vo vzťahu k podnikom vytvárajú inovačný potenciál a to generovaním poznatkov a ich využitím pri rozvoji technológií, výrobkov a služieb. Prispôsobovanie vzdelávania a odbornej prípravy. Proces kvalifikácie a podniková prax. Tvorba programov výchovnovzdelávacej činnosti. Potreba diverzifik...

Descrizione completa

Salvato in:
Dettagli Bibliografici
Autore principale: Borovský, Alexander
Natura: Capitolo di libro
Lingua:slovacco
Soggetti:
Tags: Aggiungi Tag
Nessun Tag, puoi essere il primo ad aggiungerne!!

MARC

LEADER 00000naa$a2200000$$$4500
001 0024412
005 20230919104136.7
041 0 |a slo 
044 |a CZ 
245 1 0 |a Požiadavky podnikovej praxe na absolventov technických univerzít  |c Alexander Borovský 
520 |a Univerzity vo vzťahu k podnikom vytvárajú inovačný potenciál a to generovaním poznatkov a ich využitím pri rozvoji technológií, výrobkov a služieb. Prispôsobovanie vzdelávania a odbornej prípravy. Proces kvalifikácie a podniková prax. Tvorba programov výchovnovzdelávacej činnosti. Potreba diverzifikácie vzdelávania z hľadiska trvania štúdia a jeho obsahu. Spolupráca univerzít s podnikovou praxou. 
610 2 0 |a absolventi 
610 2 0 |a univerzity 
610 2 0 |a školy vysoké odborné 
610 2 0 |a prax odborná 
610 2 0 |a príprava odborná 
610 2 0 |a kvalifikácia 
610 2 0 |a firmy 
610 2 0 |a spolupráca vedeckotechnická 
100 1 |a Borovský, Alexander